000 00484cam a2200157 4500500
005 20260322014206.0
041 _afre
042 _adc
100 1 0 _aJoindot, Michel
_eauthor
700 1 0 _aJoindot, Irène
_eauthor
245 0 0 _aGuided light propagation
260 _c2026.
500 _a26
786 0 _nOptics and photonics | - | 2026-03-05 | p. 1-1
856 4 1 _uhttps://stm.cairn.info/optical-telecommunications--bdti42454210-af2090-page-1?lang=en&redirect-ssocas=7080
999 _c1787112
_d1787112